000 00495nam a22001577a 4500
005 20231025124518.0
008 231025b |||||||| |||| 00| 0 eng d
020 _a9780702182112
082 _a347.1 GRA
100 _aGravett, WH
_lEnglish
245 _aThe fundamental Principles of Effective Trail Advocacy /
_cWH Gravett
260 _aCape Town :
_bJUTA & Co. Ltd,
_c2009
300 _bxi, 175 pages ;
_c25,5 cm.
650 _aLegal practice
_bLaw
942 _cBK
_6ALISON_BN_VRIES
999 _c53
_d53